[Event "Vilnius School Rating"]
[Site "Vilnius"]
[Date "2011.05.17"]
[Round "7.2"]
[White "Kasperavicius, Jokubas"]
[Black "Snezko, Marius"]
[Result "1/2-1/2"]
[WhiteElo "1973"]
[BlackElo "1768"]
[PlyCount "32"]
[EventDate "2011.04.23"]
[EventType "tourn"]
[EventRounds "10"]
[EventCountry "LTU"]
[SourceTitle "EXT 2024"]
[Source "ChessBase"]
[SourceDate "2023.10.10"]
[SourceVersion "1"]
[SourceVersionDate "2023.10.10"]
[SourceQuality "1"]

1. e4 d6 2. d4 g6 3. g3 Bg7 4. Bg2 Nf6 5. Nc3 0-0 6. Nge2 c5 7. 0-0 cxd4 8. Nxd4 Qb6 9. Be3 Ng4 10. Nd5 Nxe3 11. Nxe7+ Kh8 12. fxe3 Be6 13. Nd5 Bxd5 14. exd5 Qxb2 15. Rb1 Qc3 16. Rb3 Qc7 1/2-1/2

[Event "Panevezys op-A"]
[Site "Panevezys"]
[Date "2009.08.21"]
[Round "7"]
[White "Rogule, Laura"]
[Black "Kasperavicius, Jokubas"]
[Result "1-0"]
[WhiteElo "2255"]
[BlackElo "1972"]
[PlyCount "51"]
[EventDate "2009.08.17"]
[EventType "swiss"]
[EventRounds "9"]
[EventCountry "LTU"]
[SourceTitle "CBM 131 Extra"]
[Source "ChessBase"]
[SourceDate "2009.09.03"]
[SourceVersion "2"]
[SourceVersionDate "2009.09.16"]
[SourceQuality "1"]

1. c4 e6 2. Nc3 d5 3. d4 Nf6 4. Bg5 Nbd7 5. e3 c6 6. cxd5 exd5 7. Bd3 Be7 8. Qc2 0-0 9. Nge2 Re8 10. 0-0 Nf8 11. f3 h6 12. Bh4 Ne6 13. Rad1 Qa5 14. Kh1 Ng4 15. Bh7+ Kh8 16. fxg4 Bxh4 17. Rxf7 Ng5 18. Rxg7 Kxg7 19. Qg6+ Kh8 20. Qxe8+ Kxh7 21. Rf1 Qc7 22. Rf8 Qg7 23. Nf4 Bf5 24. Qxa8 Be4 25. Nxe4 Nxe4 26. Qe8 1-0

[Event "Panevezys op-A"]
[Site "Panevezys"]
[Date "2008.08.18"]
[Round "9"]
[White "Janusaitis, Mindaugas"]
[Black "Kasperavicius, Jokubas"]
[Result "0-1"]
[WhiteElo "1939"]
[BlackElo "1825"]
[PlyCount "64"]
[EventDate "2008.08.12"]
[EventType "swiss"]
[EventRounds "9"]
[EventCountry "LTU"]
[SourceTitle "CBM 125 Extra"]
[Source "ChessBase"]
[SourceDate "2008.09.01"]
[SourceVersion "1"]
[SourceVersionDate "2008.09.01"]
[SourceQuality "1"]

1. e4 d5 2. exd5 Qxd5 3. Nc3 Qd6 4. d4 Nf6 5. Nf3 a6 6. Bc4 Nc6 7. d5 Na5 8. Be2 e6 9. dxe6 Qxd1+ 10. Bxd1 Bxe6 11. 0-0 0-0-0 12. Bg5 h6 13. Bxf6 gxf6 14. Be2 Bg7 15. Rfd1 f5 16. Bd3 Nc4 17. Bxc4 Bxc4 18. Nd2 Be6 19. Nb3 b6 20. a4 a5 21. Nd2 Rd7 22. Nf1 Rhd8 23. Rxd7 Rxd7 24. Nd1 f4 25. f3 Bd4+ 26. Kh1 Bf5 27. Rc1 Re7 28. g3 Re1 29. Kg2 Re2+ 30. Kh1 Bh3 31. Nde3 fxe3 32. c3 Bxf1 0-1

[Event "Panevezys op-A"]
[Site "Panevezys"]
[Date "2008.08.15"]
[Round "5"]
[White "Sulikiene, Kristina"]
[Black "Kasperavicius, Jokubas"]
[Result "1/2-1/2"]
[WhiteElo "1964"]
[BlackElo "1825"]
[PlyCount "30"]
[EventDate "2008.08.12"]
[EventType "swiss"]
[EventRounds "9"]
[EventCountry "LTU"]
[SourceTitle "CBM 125 Extra"]
[Source "ChessBase"]
[SourceDate "2008.09.01"]
[SourceVersion "1"]
[SourceVersionDate "2008.09.01"]
[SourceQuality "1"]

1. e4 d5 2. exd5 Qxd5 3. Nc3 Qd6 4. Nf3 Nf6 5. h3 a6 6. d4 Bf5 7. Bd3 Bxd3 8. Qxd3 Nc6 9. 0-0 e6 10. a3 Be7 11. b4 b5 12. Bg5 0-0 13. Rfe1 h6 14. Be3 Rad8 15. Rad1 Rfe8 1/2-1/2

[Event "Baltija Cup op 5th"]
[Site "Palanga"]
[Date "2008.06.17"]
[Round "3"]
[White "Setkauskas, Vaidas"]
[Black "Kasperavicius, Jokubas"]
[Result "1-0"]
[WhiteElo "2030"]
[BlackElo "1794"]
[PlyCount "69"]
[EventDate "2008.06.16"]
[EventType "swiss"]
[EventRounds "8"]
[EventCountry "LTU"]
[SourceTitle "EXT 2022"]
[Source "ChessBase"]
[SourceDate "2021.10.06"]
[SourceVersion "1"]
[SourceVersionDate "2021.10.06"]
[SourceQuality "1"]

1. e4 d5 2. exd5 Qxd5 3. Nc3 Qd6 4. d4 a6 5. Bd3 Nf6 6. Nge2 Bg4 7. 0-0 Nc6 8. Be3 0-0-0 9. Qc1 e5 10. dxe5 Nxe5 11. Rd1 Nxd3 12. Rxd3 Qe7 13. Nf4 Bf5 14. Rd1 Bg4 15. Rd2 Rxd2 16. Qxd2 Qd7 17. Ncd5 Nxd5 18. Nxd5 Be6 19. c4 Bxd5 20. cxd5 Qa4 21. Bf4 Qb4 22. Qe2 Bd6 23. Bxd6 Qxd6 24. Qg4+ Qd7 25. Qxg7 Rd8 26. Rd1 Qa4 27. b3 Qxa2 28. Qxf7 Qxb3 29. Rc1 Qb6 30. h4 Qd6 31. Qxh7 Rf8 32. Qg7 Qf4 33. Rxc7+ Qxc7 34. Qxf8+ Kd7 35. Qf7+ 1-0

[Event "Baltija Cup op 5th"]
[Site "Palanga"]
[Date "2008.06.16"]
[Round "1"]
[White "Kasparavicius, Laimutis"]
[Black "Kasperavicius, Jokubas"]
[Result "0-1"]
[WhiteElo "2137"]
[BlackElo "1794"]
[PlyCount "100"]
[EventDate "2008.06.16"]
[EventType "swiss"]
[EventRounds "8"]
[EventCountry "LTU"]
[SourceTitle "EXT 2022"]
[Source "ChessBase"]
[SourceDate "2021.10.06"]
[SourceVersion "1"]
[SourceVersionDate "2021.10.06"]
[SourceQuality "1"]

1. d4 d5 2. c4 dxc4 3. Nf3 Nf6 4. e3 c5 5. Bxc4 cxd4 6. exd4 Qc7 7. Ne5 e6 8. Bf4 Bd6 9. Nc3 Bxe5 10. Bb5+ Bd7 11. Bxe5 Qa5 12. Bc4 b5 13. Qf3 0-0 14. Bd3 Bc6 15. Qh3 Nbd7 16. 0-0 b4 17. Bxf6 Nxf6 18. Ne2 Bb5 19. Nf4 Bxd3 20. Nxd3 Rfd8 21. Ne5 Qb6 22. Nf3 Rac8 23. Rfc1 b3 24. Rxc8 Rxc8 25. Ne1 bxa2 26. Rxa2 Qxd4 27. Qe3 Qxe3 28. fxe3 Rc7 29. Ra4 g6 30. Kf2 h5 31. Ke2 Kf8 32. h3 Nd5 33. Kd3 Rb7 34. Nc2 Rb3+ 35. Kd2 Rxb2 36. e4 Ne3 37. Kxe3 Rxc2 38. g3 Rc3+ 39. Kf4 f6 40. e5 g5+ 41. Ke4 f5+ 42. Kd4 Rxg3 43. Kc5 Rd3 44. Ra6 Rd5+ 45. Kc6 f4 46. Rxa7 f3 47. Ra3 g4 48. hxg4 hxg4 49. Ra4 Rxe5 50. Rxg4 f2 0-1

[Event "Vilnius School Rating"]
[Site "Vilnius"]
[Date "2008.05.19"]
[Round "6.5"]
[White "Kasperavicius, Jokubas"]
[Black "Malisauskas, Mykolas"]
[Result "1-0"]
[WhiteElo "1794"]
[BlackElo "1809"]
[PlyCount "123"]
[EventDate "2008.04.21"]
[EventType "tourn"]
[EventRounds "9"]
[EventCountry "LTU"]
[SourceTitle "EXT 2024"]
[Source "ChessBase"]
[SourceDate "2023.10.10"]
[SourceVersion "1"]
[SourceVersionDate "2023.10.10"]
[SourceQuality "1"]

1. e4 e6 2. d4 d5 3. exd5 exd5 4. Bd3 Nc6 5. c3 Bd6 6. Nf3 Nf6 7. 0-0 0-0 8. Bg5 Re8 9. Nbd2 Be6 10. Re1 Na5 11. Qa4 b6 12. Bb5 Rf8 13. b4 a6 14. Bd3 Nc4 15. Nxc4 dxc4 16. Be4 Ra7 17. Ne5 h6 18. Nc6 Bd7 19. Nxd8 Bxa4 20. Bxf6 gxf6 21. Nc6 Bxc6 22. Bxc6 a5 23. b5 Ba3 24. Re3 Rd8 25. Kf1 Rd6 26. Ke2 Re6 27. Kd2 Bd6 28. Kc2 Rxe3 29. fxe3 Kg7 30. g3 Kg6 31. e4 Kg5 32. Rf1 Kg6 33. Kd2 Kg5 34. Rf5+ Kg6 35. Ke2 Ba3 36. Kd2 Bd6 37. a4 Be7 38. Ke2 Ba3 39. Kf2 Bb2 40. Rf3 Ba3 41. Kg2 Bd6 42. h4 Be7 43. Kh3 Bd6 44. h5+ Kg7 45. Kg4 Ba3 46. Kf5 Bd6 47. Rf2 Ba3 48. e5 Be7 49. exf6+ Bxf6 50. Ke4 Be7 51. Kd5 Bf6 52. Kxc4 Be7 53. Kd5 Bg5 54. c4 Be7 55. c5 Bg5 56. Rf5 Be7 57. Kc4 Bg5 58. Rd5 Bf6 59. Rd7 bxc5 60. dxc5 Be5 61. b6 Ra6 62. b7 1-0

[Event "Vilnius School Rating"]
[Site "Vilnius"]
[Date "2008.04.25"]
[Round "2.4"]
[White "Latinis, Marius"]
[Black "Kasperavicius, Jokubas"]
[Result "1-0"]
[WhiteElo "1940"]
[BlackElo "1794"]
[PlyCount "87"]
[EventDate "2008.04.21"]
[EventType "tourn"]
[EventRounds "9"]
[EventCountry "LTU"]
[SourceTitle "EXT 2024"]
[Source "ChessBase"]
[SourceDate "2023.10.10"]
[SourceVersion "1"]
[SourceVersionDate "2023.10.10"]
[SourceQuality "1"]

1. c4 Nf6 2. Nc3 e6 3. e4 d5 4. cxd5 exd5 5. e5 Ne4 6. Nf3 c6 7. d4 Nxc3 8. bxc3 Bf5 9. Qb3 Qb6 10. Ba3 Nd7 11. Bxf8 Rxf8 12. Be2 f6 13. exf6 gxf6 14. 0-0 Be4 15. Nd2 0-0-0 16. Nxe4 dxe4 17. Qe6 Rde8 18. Qf5 Qc7 19. Bh5 Re7 20. Rfe1 Rg8 21. Rxe4 Rxe4 22. Qxe4 Qa5 23. Qxh7 Rf8 24. Rc1 Qxa2 25. Bg4 Qd5 26. Qf5 b5 27. Ra1 a6 28. Qxd5 cxd5 29. Rxa6 Kb7 30. Rd6 Nb6 31. Bf3 Rc8 32. Bxd5+ Ka7 33. Bc6 Na4 34. Bxb5 Nxc3 35. Rc6 Rxc6 36. Bxc6 Ne2+ 37. Kf1 Nxd4 38. Be4 Ne6 39. Ke2 Kb6 40. h4 f5 41. Bb1 Kc5 42. Kf3 Kd5 43. Bxf5 Ng7 44. Kf4 1-0

[Event "Vilnius School Rating"]
[Site "Vilnius"]
[Date "2008.04.21"]
[Round "1.3"]
[White "Kasperavicius, Jokubas"]
[Black "Gercas, Arnas"]
[Result "1-0"]
[WhiteElo "1794"]
[BlackElo "1601"]
[PlyCount "111"]
[EventDate "2008.04.21"]
[EventType "tourn"]
[EventRounds "9"]
[EventCountry "LTU"]
[SourceTitle "EXT 2024"]
[Source "ChessBase"]
[SourceDate "2023.10.10"]
[SourceVersion "1"]
[SourceVersionDate "2023.10.10"]
[SourceQuality "1"]

1. e4 c5 2. g3 g6 3. Bg2 Bg7 4. Ne2 e6 5. 0-0 Ne7 6. c3 Nbc6 7. Na3 a6 8. d4 cxd4 9. cxd4 d5 10. e5 Qb6 11. b3 Nf5 12. Nc2 Bd7 13. Ba3 Nce7 14. Bc5 Qc7 15. Ne3 b6 16. Nxf5 Nxf5 17. Ba3 Bb5 18. Rc1 Qd7 19. Re1 Bf8 20. Bxf8 Bxe2 21. Rxe2 Kxf8 22. Rec2 Ra7 23. Qd2 Kg7 24. Rc6 Rb8 25. Qf4 h6 26. h4 Qe7 27. Bh3 Rd7 28. Bxf5 gxf5 29. Qd2 Rbb7 30. a4 Rdc7 31. Qc2 Rxc6 32. Qxc6 Qd7 33. Qxd7 Rxd7 34. Rc6 Rb7 35. Kg2 b5 36. a5 Ra7 37. Kf3 Kf8 38. g4 fxg4+ 39. Kxg4 Kg7 40. f4 Kg6 41. h5+ Kg7 42. f5 exf5+ 43. Kxf5 Ra8 44. Rc7 Re8 45. Rd7 Re6 46. Rxd5 Rc6 47. Rc5 Re6 48. d5 Re8 49. Rc6 Rd8 50. d6 b4 51. Rxa6 f6 52. Ra7+ Kh8 53. Kxf6 Rb8 54. d7 Rg8 55. Rc7 Rf8+ 56. Ke7 1-0

[Event "LTU-ch U20"]
[Site "Vilnius"]
[Date "2008.01.31"]
[Round "6"]
[White "Silkus, Algirdas"]
[Black "Kasperavicius, Jokubas"]
[Result "1-0"]
[WhiteElo "1913"]
[BlackElo "1790"]
[PlyCount "80"]
[EventDate "2008.01.28"]
[EventType "swiss"]
[EventRounds "9"]
[EventCountry "LTU"]
[SourceTitle "CBM 122 Extra"]
[Source "ChessBase"]
[SourceDate "2008.03.04"]
[SourceVersion "1"]
[SourceVersionDate "2008.03.04"]
[SourceQuality "1"]

1. e4 d5 2. exd5 Qxd5 3. Nc3 Qd6 4. Nf3 Nf6 5. d4 a6 6. a4 Bg4 7. Be2 e6 8. Ne5 Bxe2 9. Nxe2 Nc6 10. Bf4 Nxe5 11. Bxe5 Qc6 12. 0-0 Bd6 13. Bxd6 cxd6 14. c3 0-0 15. Qc2 Rac8 16. Rae1 b5 17. axb5 axb5 18. Nf4 b4 19. Re3 Nd5 20. Rf3 h6 21. Nh5 f5 22. Rg3 Rf7 23. Qe2 Qd7 24. c4 Nb6 25. b3 Kf8 26. Nf4 Rf6 27. Nh5 Rf7 28. Re3 Re8 29. Re1 Rfe7 30. Nf4 Kf7 31. Qh5+ Kg8 32. Nd3 Qb7 33. Qg6 e5 34. dxe5 f4 35. Nxf4 Rxe5 36. Rxe5 Rxe5 37. Rxe5 dxe5 38. Qe8+ Kh7 39. Qxe5 Qd7 40. Qe4+ g6 1-0